000 00531nam a2200169Ia 4500
005 20250326145116.0
008 250326s9999 xx 000 0 und d
037 _aTextbook
040 _aFMSL
_beng
_cFMSL
041 _aeng
_2eng
084 _aX8(A):8.44 P9
_qFMSL
100 _aPushpangadan K
245 0 _aDynamics of competition:understanding India's manufacturing sector
_cPushpangadan K; Shanta N
260 _aNew Delhi
_bNew Delhi, Oxford
_c2009
942 _cTB
_hX8(A):8.44 P9
999 _c1306403
_d1306403